• 首页
  • 本馆介绍
  • 公告通知
  • 最新文献
  • 馆藏检索
  • 电子资源
  • 读者导购
  • 参考咨询
  • 我的图书馆
  • 登录
  • 详细信息显示
  • 放入我的书架
  • 预约/预借图书
  • 作者相关作品
  • 分类相关作品
  • 丛书相关作品
  • 出版社相关作品

书目信息

  • 表格格式
  • 工作单格式
  • 卡片格式
题名:
朱子之路
    
 
作者: 黄胜科 , 李崇英 编著
分册:  
出版信息: 福州   福建教育出版社  2015
页数: 275页, 8页图版
开本: 24cm
丛书名: 武夷历史文化研究丛书
单 册:
中图分类: B244.75
科图分类:
主题词: 思想家--si xiang jia--传记--中国--南宋
电子资源:
ISBN: 978-7-5334-7011-1
000 01110nam 2200301 450
001 1722819618
005 20161207151528.0
010    @a978-7-5334-7011-1@dCNY40.00
100    @a20151210d2015 em y0chiy50 ea
101 0  @achi
102    @aCN@b350000
105    @aaf a 000yb
106    @ar
200 1  @a朱子之路@Azhu zi zhi lu@f黄胜科, 李崇英编著
210    @a福州@c福建教育出版社@d2015
215    @a275页, 8页图版@c彩图@d24cm
225 2  @a武夷历史文化研究丛书@Awu yi li shi wen hua yan jiu cong shu
320    @a有书目 (第273页)
330    @a本书是第一部武夷山当地作者编著的朱熹传记型专著,其与众不同之处在于立足武夷,记述朱熹在闽北、尤其是在武夷山生活、成长和朱子文化在武夷山孕育、形成、传播、发展的历程,介绍了朱熹在武夷山相关遗迹的历史与现状。
410  0 @12001^@a武夷历史文化研究丛书
600  0 @a朱熹,@Azhu xi@f1130-1200@x传记
606 0  @a思想家@Asi xiang jia@x传记@y中国@z南宋
690    @aB244.75@v5
701  0 @a黄胜科@Ahuang sheng ke@4编著
701  0 @a李崇英@Ali chong ying@4编著
801  0 @aCN@b三新书业@c20151210
801  0 @aCN@bFDU@c20160129
905    @aBZT@dB244.75@e1
    
    朱子之路/黄胜科, 李崇英编著.-福州:福建教育出版社,2015
    275页, 8页图版:彩图;24cm.-(武夷历史文化研究丛书)
    
    
    ISBN 978-7-5334-7011-1:CNY40.00
    本书是第一部武夷山当地作者编著的朱熹传记型专著,其与众不同之处在于立足武夷,记述朱熹在闽北、尤其是在武夷山生活、成长和朱子文化在武夷山孕育、形成、传播、发展的历程,介绍了朱熹在武夷山相关遗迹的历史与现状。
●
相关链接 在五车中查询图书 在当当中查询图书 在豆瓣中查询图书


正题名:朱子之路     索取号:B244.75/1         预约/预借

序号 登录号 条形码 馆藏地/架位号 状态 备注
1 828311   2000828311   第二书库/ [索取号:B244.75/1] 在馆    
2 828312   2000828312   第二书库/ [索取号:B244.75/1] 在馆    
3 828313   2000828313   第二书库/ [索取号:B244.75/1] 在馆    
山东省滨州职业学院图书馆 欢迎您!
大连网信软件有限公司© 版权所有